Visualizzazione normale
Vista MARC
- Capelle-Dumont, Philippe,
di Personal Name
Records bibliografici associati: 1
001 - CONTROL NUMBER
- control field: 62651
003 - CONTROL NUMBER IDENTIFIER
- control field:
005 - DATE AND TIME OF LATEST TRANSACTION
- control field: 20251022175531.0
008 - FIXED-LENGTH DATA ELEMENTS
- fixed length control field: 251022|| aca||aabn | a|a d
040 ## - CATALOGING SOURCE
- Original cataloging agency:
- Transcribing agency:
100 ## - HEADING--PERSONAL NAME
- Personal name: Capelle-Dumont, Philippe,
- Dates associated with a name: 1954-
670 ## - SOURCE DATA FOUND
- Source citation: Work cat.: ()360647: Capelle-Dumont, Philippe, 1954-, Filosofia e teologia nel pensiero di Martin Heidegger /, ©2011.